|
|
|
|
| LEADER |
00000nam0a2200000 4500 |
| 001 |
301845 |
| 005 |
20231102001436.0 |
| 010 |
|
|
|a 9785943879678
|
| 035 |
|
|
|a (RuTPU)RU\TPU\book\327022
|
| 035 |
|
|
|a RU\TPU\book\231554
|
| 090 |
|
|
|a 301845
|
| 100 |
|
|
|a 20120321d2015 m y0rusy50 ca
|
| 101 |
0 |
|
|a rus
|
| 102 |
|
|
|a RU
|
| 105 |
|
|
|a a j 001zy
|
| 200 |
1 |
|
|a Matlab: практический подход
|e самоучитель
|f А. Н. Васильев
|
| 205 |
|
|
|a 2-е изд.
|
| 210 |
|
|
|a Москва
|a Санкт-Петербург
|c Наука и техника
|d 2015
|
| 215 |
|
|
|a 442 с.
|c ил.
|
| 225 |
1 |
|
|a Самоучитель
|
| 320 |
|
|
|a Библиогр.: с. 441-442.
|
| 330 |
|
|
|a Данная книга представляет собой 2-е издание отличного самоучителя по работе с Matlab и проведению в нем различных вычислений, расчетов, обработок данных и исследований. С одной стороны, отличается хорошим справочным аппаратом и общим описанием различных аспектов работы в Matlab, а с другой — большим количеством наглядных примеров и пошаговых действий. Весь теоретический материал поддержан реальными практическими примерами. Книга отличается доступным языком изложения, охватом всех основных приемов работы, богатым иллюстративным материалом. Основывается на последних версиях Matlab, доступных в 2014 г. Лучший выбор для всех, кто хочет освоить Matlab и научиться эффективно им пользоваться.
|
| 606 |
1 |
|
|a Система Matlab
|2 stltpush
|3 (RuTPU)RU\TPU\subj\54956
|9 73029
|
| 610 |
1 |
|
|a расчеты
|
| 610 |
1 |
|
|a вычисления
|
| 610 |
1 |
|
|a уравнения
|
| 610 |
1 |
|
|a графика
|
| 610 |
1 |
|
|a данные
|
| 610 |
1 |
|
|a обработка
|
| 610 |
1 |
|
|a оптимизация
|
| 610 |
1 |
|
|a программирование
|
| 610 |
1 |
|
|a матричная алгебра
|
| 610 |
1 |
|
|a интегрирование
|
| 610 |
1 |
|
|a дифференциальные уравнения
|
| 610 |
1 |
|
|a математическая физика
|
| 610 |
1 |
|
|a символьные вычисления
|
| 610 |
1 |
|
|a самоучители
|
| 610 |
1 |
|
|a учебные пособия
|
| 675 |
|
|
|a 004.42:004.942(075.4)
|v 4
|
| 700 |
|
1 |
|a Васильев
|b А. Н.
|
| 801 |
|
1 |
|a RU
|b 63413507
|c 20150814
|
| 801 |
|
2 |
|a RU
|b 63413507
|c 20160720
|g RCR
|
| 900 |
|
|
|a Программные средства математических расчетов
|
| 942 |
|
|
|c BK
|
| 959 |
|
|
|a 96/20150814
|d 1
|e 519,00
|f ЧЗТЛ:1
|
| 959 |
|
|
|a 133/20151027
|d 5
|e 0
|f УФ:5
|
| 959 |
|
|
|a 25/20160225
|d 10
|e 643,06
|f УФ:10
|